الإشعاع و الحياة / (Record no. 19970)

MARC details
000 -LEADER
fixed length control field 00592nam a22001937a 4500
005 - DATE AND TIME OF LATEST TRANSACTION
control field 20251108165020.0
008 - FIXED-LENGTH DATA ELEMENTS--GENERAL INFORMATION
fixed length control field 250721s1983 xx 000 0 ara d
082 14 - DEWEY DECIMAL CLASSIFICATION NUMBER
Classification number 539.752/هول
100 1# - MAIN ENTRY--PERSONAL NAME
Personal name هول، أرك
245 10 - TITLE STATEMENT
Title الإشعاع و الحياة /
264 1# - PRODUCTION, PUBLICATION, DISTRIBUTION, MANUFACTURE, AND COPYRIGHT NOTICE
Place of production, publication, distribution, manufacture بيروت :
Name of producer, publisher, distributor, manufacturer الدار العربية للموسوعات،
Date of production, publication, distribution, manufacture, or copyright notice 1983.
300 ## - PHYSICAL DESCRIPTION
Extent 315ص
650 17 - SUBJECT ADDED ENTRY--TOPICAL TERM
Topical term or geographic name as entry element الذرات
650 17 - SUBJECT ADDED ENTRY--TOPICAL TERM
Topical term or geographic name as entry element الإشعاع
700 1# - ADDED ENTRY--PERSONAL NAME
Personal name الجار الله، محمد إبراهيم
Relator term ترجمة
700 1# - ADDED ENTRY--PERSONAL NAME
Personal name الشويخ، عادل عبد الله
942 ## - ADDED ENTRY ELEMENTS (KOHA)
Source of classification or shelving scheme Dewey Decimal Classification
Koha item type Books
Holdings
حالة السحب حالة الفقدان مصدر التصنيف حالة التلف غير قابل للإعارة المكتبة الرئيسية المكتبة الحالية موقع الرف تاريخ التزويد الرقم المتسلسل Total Checkouts رقم الإستدعاء تاريخ آخر ظهور تاريخ الفاتورة نوع المادة (كوها) الباركود
    Dewey Decimal Classification Unchecked   مكتبة أم قصير والمقابلين العامة مكتبة أم قصير والمقابلين العامة الإعارة 06/07/2004 1590   539.752/هول 28/07/2025 06/07/2004 Books  
    Dewey Decimal Classification     مكتبة حمزة العامة مكتبة حمزة العامة الإعارة 25/10/2015 [3371].   539.752/هول 28/07/2025 25/10/2015 Books PLD00359463
Implemented & Customized by: BBB with SCIT (Smart Chains for Information Technology)

Powered by Koha